Successful Project Management / (Record no. 615456)

000 -LEADER
fixed length control field 00391nam a22001457a 4500
020 ## - INTERNATIONAL STANDARD BOOK NUMBER
Qualifying information HB.
040 ## - CATALOGING SOURCE
Transcribing agency FIZZA ISHAQ
082 ## - DEWEY DECIMAL CLASSIFICATION NUMBER
Classification number 658.404
Author Mark JAC
100 ## - MAIN ENTRY--PERSONAL NAME
Personal name Gido, Jack .
9 (RLIN) 132186
245 ## - TITLE STATEMENT
Title Successful Project Management /
Statement of responsibility, etc. Jack Gido.
250 ## - EDITION STATEMENT
Edition statement 3RD ED.
260 ## - PUBLICATION, DISTRIBUTION, ETC.
Place of publication, distribution, etc. NEW YORK:
Name of publisher, distributor, etc. Thomson/South-Western,
Date of publication, distribution, etc. 1998.
300 ## - PHYSICAL DESCRIPTION
Extent 462 P. ;
Dimensions 8.10 x 9.90 x 1.00 inch
942 ## - ADDED ENTRY ELEMENTS (KOHA)
Source of classification or shelving scheme
Koha item type Book
Holdings
Withdrawn status Lost status Source of classification or shelving scheme Damaged status Not for loan Permanent Location Current Location Shelving location Date acquired Total Checkouts Full call number Barcode Date last seen Price effective from Koha item type
          NUST Baluchistan Campus (NBC) NUST Baluchistan Campus (NBC) General Stacks 12/03/2025   658.404 JAC QD-251 12/03/2025 12/03/2025 Book
© 2023 Central Library, National University of Sciences and Technology. All Rights Reserved.